000 00730nam a2200205 4500
003 NUST
005 20220308130146.0
008 220308b ||||| |||| 00| 0 eng d
020 _a9780367382827
022 _29780367382827
028 _aCRC Press
038 _aSAIF
040 _aDLC
082 _2515.35
_aBAI
245 _aDifferential Equations with Maxima
_bDrumi D. Bainov, Snezhana G. Hristova
440 _aDifferential Equations with Maxima
_n1st Edition
_990497
500 _aIntroduction. Integral Inequalities with Maxima. General Theory. Stability Theory and Lyapunov Functions. Oscillation Theory. Asymptotic Methods. Averaging Method. Notes and Comments. Bibliography.
563 _aH.B
942 _2ddc
_cBK
999 _c588692
_d588692